Star gazing : Hollywood cinema and female spectatorship
Αποθηκεύτηκε σε:
| Κύριος συγγραφέας: | |
|---|---|
| Μορφή: | Βιβλίο |
| Γλώσσα: | English |
| Δημοσίευση: |
London :
Routledge,
1994
|
| Θέματα: | |
| Ετικέτες: |
Προσθήκη ετικέτας
Δεν υπάρχουν, Καταχωρήστε ετικέτα πρώτοι!
|
MARC
| LEADER | 00000nam a2200000 i 4500 | ||
|---|---|---|---|
| 001 | 1/4594 | ||
| 008 | 960627s1994 eng d | ||
| 020 | |a 0-415-09179-9 | ||
| 035 | |l 10015683 | ||
| 040 | |a GR-MY-UA |b gre |e aacr | ||
| 041 | 0 | |a eng | |
| 082 | 0 | |a 791.43082 | |
| 100 | 1 | |a Stacey, Jackie. | |
| 245 | 1 | 0 | |a Star gazing : |b Hollywood cinema and female spectatorship / |c Jackie Stacey |
| 260 | |a London : |b Routledge, |c 1994 | ||
| 300 | |a 282 p. | ||
| 504 | |a Includes bibliographical references and index | ||
| 650 | 0 | 0 | |a Women in motion pictures. |
| 650 | 0 | 0 | |a Motion picture audiences. |
| 650 | 0 | 0 | |a Feminism and motion pictures. |
| 852 | |a INST |b LESVOS |e 19960627 |h 791.43082 STA |p 005100009765 |q 005100009765 |t BK |y 0 | ||
| 909 | |a Λ |b 046412 | ||
| 950 | |a 145/1995-10-24 | ||